000 01045nam a2200325Ia 4500
003 OSt
005 20221007122000.0
006 a|||||r|||| 00| 0
007 ta
008 221006b |||||||| |||| 00| 0 eng d
020 _a817649335X (pbk)
_cRs.195.00
024 _a15602
037 _b081/05-06, 27/09/2005, N R Book Distributors
_cTextual
040 _aBDL
_cBDL
_beng
041 _2eng
_aeng
082 _aG:5, N9;P2-;1 Carb
100 _aMackenzie Aulay
_9432056
245 0 _aInstant notes: ecology
_b Ball Andy S Virdee Sonia R
250 _a2
260 _aNew
_bDelhi Viva Books Private Limited
_c2002
300 _avii, 339p.
_ccm.
490 _aInstant notes series
500 _aIndex 333-339p.
650 _a Ecology
650 _aBiology
700 _a Ball Andy S
_9712789
700 _a Virdee Sonia R
_9712790
942 _hG:5, N9;P2-;1 Carb
_cTEXL
_2CC
999 _c1209630
_d1209630